00902cam a22002291 4500001001300000003000400013005001700017008004100034010001700075035002000092040001700112043001200129050001500141100004900156245023000205260005900435300004900494502003200543504003800575650004400613999001500657agr06001606 DLC20260227110924.0860204s1905 gw b 000 0 ger  aagr06001606  a(OCoLC)13106238 aDLCcCUdDLC ae-gx---00aS573b.S381 aSchwonder, Adolf Ferdinand Paul Kurt,d1879-14aDie landwirtschaftlichen betriebssysteme.bEine kritik der verschiedenen einteilungen und vorschläge zu einer neueinteilung, begründet durch die wirtschaftsweise auf dem gute Wermten und der herrschaft Friedrichstein ... aKönigsberg i. Pr.,bBuchdruckerei R. Leupold,c1905. a2 p.l., 140 p., 2 l.b2 fold, diagr.c22 cm. aInaug.-diss.--Königsberg. a"Benutzte literatur": p. 138-140. 0aAgriculturexEconomic aspectszGermany. c7350d7350